| 000 | 00830nam a2200277Ia 4500 | ||
|---|---|---|---|
| 001 | Para_4922 | ||
| 003 | CHAP | ||
| 008 | 220125s1923 xx 000 0 und d | ||
| 010 | _a203381 | ||
| 040 | _cCHAP | ||
| 090 | _aPA FOLLETO 2917 | ||
| 100 |
_aWeigel, C. A. _9166838 |
||
| 245 |
_aThe strawberry rootworm as an enemy of the greenhouse rose / _c C. A. Weigel, C. F. Doucette |
||
| 260 |
_aWashington : _b Department of Agriculture |
||
| 300 | _a14 p. | ||
| 440 |
_aEUA. Dept. Agr. Farmers Bull; 1344 _9169141 |
||
| 650 |
_aParia canella Rosas _x Plagas Fresa _x Plagas _9169142 |
||
| 700 |
_aDocette, C. F. _9169143 |
||
| 901 | _aPA FOLLETO 2917 | ||
| 902 | _aA | ||
| 905 | _a0000001923 WAS 0000000000 00 | ||
| 910 | _a1923 | ||
| 942 | _cPARA | ||
| 942 |
_cPARA _d1 |
||
| 999 |
_c203381 _d203381 |
||